| 000 | 01204cam a2200301 i 4500 | ||
|---|---|---|---|
| 003 | SA-RiAUC | ||
| 005 | 20250704141242.0 | ||
| 008 | 250703s1997 su g 000k0bara c | ||
| 020 | _a9960203115 | ||
| 040 |
_aSA-RiAUC _bara _cSA-RiAUC _erda |
||
| 041 | 1 |
_aara _hund |
|
| 082 | 0 | 4 | _a242 |
| 090 |
_a242 _b د ا و |
||
| 100 | 1 |
_aداود، عبد الأحد، _d1867-1940 _eمؤلف. |
|
| 245 | 1 | 0 |
_aمحمد صلى الله عليه وسلم كما ورد في كتاب اليهود والنصارى / _cتأليف عبد الأحد داود ؛ ترجمة محمد فاروق الزين. |
| 250 | _aالطبعة الأولى. | ||
| 264 | 1 |
_aالرياض : _bمكتبة العبيكان، _c1997 |
|
| 300 |
_a236 صفحة ؛ _c23 سم |
||
| 336 |
_aنص _btxt _2rdacontent _3كتاب |
||
| 337 |
_aبدون وسيط _bn _2rdamedia |
||
| 338 |
_aمجلد _bnc _2rdacarrier |
||
| 600 | 0 | 7 |
_aمحمد (صلى الله عليه وسلم)، _d53 قبل الهجرة-11 هجري _2aucnm |
| 650 | 7 |
_aالسيرة النبوية _2aucsh |
|
| 700 | 1 |
_aالزين، محمد فاروق فارس _eمترجم. |
|
| 942 |
_2ddc _cBOOK _n0 |
||
| 949 |
_aSA-JeALM _d250703 _uosman123 _n1 |
||
| 999 |
_c9430 _d9430 |
||